Brand Logos That Start with N - Statistics

General Stats
  • This quiz has been taken 40,880 times
    40,554 since last reset
  • The average score is 15 of 20
Answer Stats
Picture Answer % Correct
NASA
99%
Netflix
97%
Nike
97%
Nintendo
91%
NFL
89%
Nutella
89%
New Balance
87%
Nestlé
86%
National Geographic
82%
Nickelodeon
79%
The New York Times
78%
NBC
77%
The North Face
74%
Nissan
73%
Nerf
70%
Nivea
66%
NVidia
50%
Nespresso
49%
NordVPN
45%
Nikon
38%
No matching quizzes found
Score Distribution
Percent of People with Each Score
Percentile by Number Answered
Your Score History
You have not taken this quiz since the last reset